000 00817nam a2200229Ia 4500
003 GCL
005 20240530105344.0
008 140319s9999 xx 000 0 ara d
040 _aGCL /
_cGCL
082 0 4 _a398.3
_bم ع
100 1 _aمحمد الجوهرى
245 1 0 _aعلم الفولكلور : دراسة فى الانثروبولوجيا الثقافية /
_cمحمد الجوهرى .
_nالجزء الاول
260 _a[S.N] :
_bدار المعرفة الجامعية ،
_c1990
300 _a554 ص. ؛
_c24 سم.
490 0 _aسلسلة علم الاجتماع المعاصر ؛
_v19
650 0 4 _aالفولكلور
650 0 4 _aالادب الشعبى
650 0 4 _aالاجتماع
650 0 4 _aالتراث الشعبى
650 0 4 _aالفولكلور المصرى
942 _2ddc
_cBK
999 _c55240
_d55240